[Event "Commonwealth & South African-ch"]
[Site "Johannesburg"]
[Date "2011.06.29"]
[Round "7.4"]
[White "Koekemoer, Marthinus Johannes"]
[Black "Spirou, Victor"]
[Result "1-0"]
[WhiteElo "1584"]
[BlackElo "1496"]
[PlyCount "131"]
[EventDate "2011.06.25"]
[EventType "swiss"]
[EventRounds "11"]
[EventCountry "RSA"]
[SourceTitle "EXT 2024"]
[Source "ChessBase"]
[SourceDate "2023.10.10"]
[SourceVersion "1"]
[SourceVersionDate "2023.10.10"]
[SourceQuality "1"]

1. e4 e5 2. Nf3 Nc6 3. Bc4 Bc5 4. b4 Bxb4 5. c3 Bc5 6. d4 exd4 7. 0-0 dxc3 8. Bxf7+ Kxf7 9. Qd5+ Ke8 10. Qh5+ Kf8 11. Qxc5+ d6 12. Qxc3 Qf6 13. Bg5 Qxc3 14. Nxc3 h6 15. Be3 Nf6 16. Rab1 a6 17. Bd4 Nxd4 18. Nxd4 Kf7 19. Rfc1 Re8 20. f3 c5 21. Nde2 b5 22. Rd1 b4 23. Na4 Rd8 24. Nxc5 a5 25. Ng3 Ke7 26. Na4 Be6 27. Rd2 Nd7 28. Rbd1 Nc5 29. Nb6 Rab8 30. Nd5+ Kf7 31. Ne3 Na4 32. Ngf5 Nc3 33. Ra1 a4 34. Nxd6+ Rxd6 35. Rxd6 Bxa2 36. Rd7+ Ke6 37. Rc7 b3 38. Rxc3 b2 39. Rd1 Rd8 40. Rc6+ Ke7 41. Nf5+ Ke8 42. Nxg7+ Kf7 43. Rc7+ Kg6 44. Re1 b1Q 45. Rxb1 Bxb1 46. Ra7 Bc2 47. Ne6 Rd1+ 48. Kf2 Ra1 49. Nd4 Bd3 50. Ke3 Bc4 51. f4 Ra3+ 52. Kf2 Rd3 53. Rxa4 Rxd4 54. Ke3 Rd3+ 55. Ke2 Ra3+ 56. Rxc4 Ra2+ 57. Kf3 h5 58. Rc3 h4 59. Re3 Kh5 60. e5 Ra4 61. g3 h3 62. e6 Ra8 63. e7 Re8 64. Re6 Rh8 65. e8Q+ Rxe8 66. Rxe8 1-0

[Event "Commonwealth & South African-ch"]
[Site "Johannesburg"]
[Date "2011.06.28"]
[Round "6.1"]
[White "Aryan, Chopra"]
[Black "Koekemoer, Marthinus Johannes"]
[Result "1-0"]
[WhiteElo "1817"]
[BlackElo "1584"]
[PlyCount "39"]
[EventDate "2011.06.25"]
[EventType "swiss"]
[EventRounds "11"]
[EventCountry "RSA"]
[SourceTitle "EXT 2024"]
[Source "ChessBase"]
[SourceDate "2023.10.10"]
[SourceVersion "1"]
[SourceVersionDate "2023.10.10"]
[SourceQuality "1"]

1. e4 c5 2. Nf3 e6 3. d4 cxd4 4. Nxd4 Nc6 5. Nc3 d6 6. Be2 Qc7 7. Be3 Nxd4 8. Bxd4 Ne7 9. 0-0 Nc6 10. Be3 Be7 11. f4 b5 12. a3 Bb7 13. Bf3 Na5 14. e5 Nc4 15. Bc1 0-0 16. Bxb7 Qxb7 17. b3 Nb6 18. Kh1 Rac8 19. Bb2 b4 20. axb4 1-0